000 00474nam a22001577a 4500
999 _c3215
_d3215
005 20231107115308.0
008 231107b ||||| |||| 00| 0 eng d
020 _a9787542269133
040 _cKH8
082 _a495.186 HON
100 _aHONG CHUANG TU SHU
_eAuthor
245 _aThe first grade of the first volume of Chinese synchronous exercises(Chinese Edition)
_cHONG CHUANG TU SHU
260 _aGansu Children's Publishing House
300 _apages
942 _2ddc
_cTR